000 00837nam a22002777a 4500
001 BR8702386
003 BR-BrBNA
005 20230928092457.0
007 ta
008 230509b bl.||||| |||| 00| 0 por d
040 _aBR-BrBNA
_bpor
_cBiblioteca Nacional de Agricultura
041 _a(Por)
072 _aE20
_b/G514
090 _ E20 BR8702386
100 1 _aSerafim, A.
110 1 _aAssociacao de Credito e Assistencia Pesqueira de Santa Catarina, Florianopolis (Brasil)
_9414
245 1 _aPlanejamento, controle e avaliacao [Brasil]
260 3 _aFlorianopolis, SC (Brasil):
_c1986.
300 _a15 p.
500 _a(*) Documento disponível no(a) CEAGRI, Florianopolis, SC (Brazil)
650 _aPLANEJAMENTO
650 _aPESCA
650 _aSANTA CATARINA
909 _a202309
_bLucia
_c55
_dLucia Elande
942 _cBK
999 _c39302
_d39302